Ncert Neet & You Biology For Class 11+12/ (Record no. 210624)
[ view plain ]
| 000 -LEADER | |
|---|---|
| fixed length control field | 00624nam a22001937a 4500 |
| 005 - DATE AND TIME OF LATEST TRANSACTION | |
| control field | 20251017161136.0 |
| 010 ## - LCCN (DPL NO) | |
| LC control number | ENG-144384 |
| 020 ## - INTERNATIONAL STANDARD BOOK NUMBER | |
| International Standard Book Number | 9789389800111 |
| Terms of availability | 945.00 |
| 035 ## - SYSTEM CONTROL NUMBER | |
| System control number | EN-127916 |
| 037 ## - SOURCE OF ACQUISITION | |
| Source of stock number/acquisition | DBAD |
| 082 ## - DEWEY DECIMAL CLASSIFICATION NUMBER | |
| Classification number | 546.076 |
| Edition number | 1 |
| 100 ## - MAIN ENTRY--PERSONAL NAME | |
| Personal name | Iqbal S Bhatti |
| 245 ## - TITLE STATEMENT | |
| Title | Ncert Neet & You Biology For Class 11+12/ |
| Statement of responsibility, etc | Iqbal S Bhatti |
| 250 ## - EDITION STATEMENT | |
| Edition statement | 1 |
| 260 ## - PUBLICATION, DISTRIBUTION, ETC. (IMPRINT) | |
| Place of publication, distribution, etc | New Delhi |
| Name of publisher, distributor, etc | S. Vinesh & Co. |
| Date of publication, distribution, etc | 2024 |
| 270 ## - ADDRESS | |
| Address | Gali No 3, Mohalla Panjabian, Ansari Road, Darya Ganj |
| City | New Delhi |
| Telephone number | 011-23250628 |
| Electronic mail address | sdineshbengaluru@rediffmail.com |
| 300 ## - PHYSICAL DESCRIPTION | |
| Extent | vpp. |
| Dimensions | 28cm(pb) |
| 942 ## - ADDED ENTRY ELEMENTS (KOHA) | |
| Source of classification or shelving scheme | Dewey Decimal Classification |
| Item type | English Books |
| Classification part | 546.076 |
| Call number suffix | BHA |
| Withdrawn status | Lost status | Not for loan | Collection code | Home library | Current library | Date acquired | Source of acquisition | Cost, normal purchase price | Full call number | Barcode | Copy number | Cost, replacement price | Koha item type |
|---|---|---|---|---|---|---|---|---|---|---|---|---|---|
| Non-fiction | Mobile Library | Mobile Library | 01/04/2025 | Delivery of Books Act Division | 945.00 | 546.076 BHA | EN-127916 | 1 | 945.00 | English Books |
